000 00836nam a2200277Ia 4500
003 OSt
005 20220927105757.0
006 a|||||r|||| 00| 0
007 ta
008 220926b |||||||| |||| 00| 0 eng d
020 _a8174889965
024 _a202988
037 _cReference Collections
040 _aRTL
_cRTL
_beng
041 _2eng
_aeng
082 _a"X:89Q8, N9"
100 _aMAJUMDAR Bharat K
_9374985
245 0 _aProduction management and quality control
260 _aNew
_b"Delhi, Anmol Publications, "
_c1999
300 _a"viii, 289p"
_ccm.
490 _aRoutledge Advances in Social Economics
500 _aBibliography - chapterwise
700 _a PANCHKOTI Aditya
_9374986
942 _h"X:89Q8, N9"
_cCC
999 _c694622
_d694622